00282 a2200097 4500001000700000040003500007100002200042240005800064245005300122362000900175154080 cEscola São Tomás de Aquino aANDRADE, Jeferson10aCrônicas selecionadas para algumas emoçõeslpor10aCrônicas selecionadas para algumas emoções0 a2009